000 00968cam a2200229 4500
001 WB3832-13
008 020905n2002 000 0 eng u
035 _a(Sirsi) u119579
245 _aGood practice note
260 _c2002
490 _aWaste Planning
_v(44) September 2002, 11(1)
520 _aThe Planning Officers Society (POS) has recently published via its website "A good practice note for county matter planning authorities: a drive for quality". The practice note aims to cover all aspects of the county matter development control process. The practice note can be viewed and downloaded via the POS website http://www.planningofficers.org.uk
590 _aWB
650 _aGOOD PRACTICE
650 _aPLANNING OFFICERS SOCIETY
650 _aCOUNTY MATTER
650 _aDEVELOPMENT CONTROL
650 _aGUIDANCE
650 _aWASTE PLANNING APPLICATIONS
690 _aENVIRONMENTAL AND LAND CONSULTANCY-PLANNING AND DEVELOPMENT
942 _n0
999 _c71097
_d71097